LDR 01459nam a2200313 4500 001 000000367035 003 CaOOAMICUS 005 20260331145330.0 008 260327s2026 it 000 u ita r 020 $a978-88-266-1064-1 040 $aSeMil$bita 100 1 $aLaurent : de la Résurrection,$d<1614-1691>.$0(OLS)http://semarc/name/77041 240 13$aLa Pratique de la présence de Dieu.$0(OLS)http://semarc/title/458859 245 13$aLa pratica della presenza di Dio /$cFra Lorenzo della Risurrezione ; prefazione di papa Leone 14. ; a cura di Maria Rosaria Del Genio. 250 $a2. rist. 264 1$aCittà del Vaticano :$bLibreria Editrice Vaticana,$c2026. 300 $a151 p. ;$c21 cm 650 4$aPreghiera cristiana.$0(OLS)http://semarc/subject/18005 700 1 $aDel Genio, Maria Rosaria.$0(OLS)http://semarc/name/2626 700 0 $aLeo XIV,$c
.$0(OLS)http://semarc/name/121988 850 $aSeMil 852 $aSeMil$W1$xVenegono$y1$m2C VII 119$j269447$B257770$CSeMilBibl$Z2$F257770 $81 900 1 $aPrévost, Robert Francis,$d<1955- >. 961 $aBrambilla don Paolo - Omaggio 996 $6020$a978-88-266-1064-1$9(OLS)http://semarc/number/305586 996 $6245$aLa pratica della presenza di Dio$9(OLS)http://semarc/title/458858 996 $6264$aCittà del Vaticano :$bLibreria Editrice Vaticana$9(OLS)http://semarc/publisher/29734